00931cam a2200217 a 450000100100000000500170001000800410002704000250006808200170009311000920011024501820020226000640038430000280044849000090047649000230048550400320050865000270054065000580056771000590062583000290068400001432620200929163556.0870720s1982 ck a b 100 0 spa  aDO-SdBNPbspacBNPHU a321.8bC397d1 aCentral Latinoamericana de Trabajadores.bCongreson(8th :d1982 :cBogotá, Colombia)13aLa democracia real :bopción histórica de la clase trabajadora para su liberación /caprobado por el VIII Congreso de la CLAT, Bogotá, Colombia, 17 de diciembre de 1982. aBogotá :bCentral Latinoamericana de Trabajadores,c1982. a336 p. :bil. ;c22 cm.1 aCLAT1 aDocumentos de base aBibliografía: p. 323-330. 4aDemocraciaxCongresos. 4aGobierno representativozAmérica LatinaxCongresos.1 aCentral Latinoamericana de Trabajadores.bU.S. Office. 0aCLATpDocumentos de base